Artificial intelligence: structures and strategies for complex problem solving. -- 6th ed. (Record no. 84378)

MARC details
000 -LEADER
fixed length control field 00932nam a2200205 a 4500
008 - FIXED-LENGTH DATA ELEMENTS--GENERAL INFORMATION
fixed length control field 120924s2009 ||||||||||||||||| || u
020 ## - INTERNATIONAL STANDARD BOOK NUMBER
International Standard Book Number 9780132090018
050 ## - LIBRARY OF CONGRESS CALL NUMBER
Classification number Q 335 Lug
100 ## - MAIN ENTRY--PERSONAL NAME
Personal name Luger, George F
245 10 - TITLE STATEMENT
Title Artificial intelligence: structures and strategies for complex problem solving. -- 6th ed.
Statement of responsibility, etc. by George F. Luger
250 ## - EDITION STATEMENT
Edition statement 6th ed.
260 ## - PUBLICATION, DISTRIBUTION, ETC.
Place of publication, distribution, etc. Boston:
Name of publisher, distributor, etc. Pearson Education, Inc
Date of publication, distribution, etc. 2009
300 ## - PHYSICAL DESCRIPTION
Extent xxii, 754p.: ill.
500 ## - GENERAL NOTE
General note Donated by Counsellor Kang'ombe
650 ## - SUBJECT ADDED ENTRY--TOPICAL TERM
Topical term or geographic name entry element ARTIFICIAL INTELLIGENCE
650 ## - SUBJECT ADDED ENTRY--TOPICAL TERM
Topical term or geographic name entry element KNOWLEDGE REPRESENTATION (INFORMATION THEORY)
650 #0 - SUBJECT ADDED ENTRY--TOPICAL TERM
Topical term or geographic name entry element PROBLEM SOLVING
995 ## -
-- ANNEX COLLECTION (Main Library)
-- 743311
-- CBU-MAIN LIBRARY (Kitwe)
-- Q 335 Lug
-- 1
-- AVAILABLE
-- Oct 2, 2012
-- 743311
-- Annex Low-Usage Collection
995 ## -
-- MAIN LIBRARY OPEN ACCESS
-- 743312
-- CBU-MAIN LIBRARY (Kitwe)
-- Q 335 Lug
-- 2
-- AVAILABLE
-- Oct 2, 2012
-- 743312
-- Main Library Open Access Collection
999 ## -
-- 84378
-- 84378
Holdings
Withdrawn status Lost status Source of classification or shelving scheme Damaged status Not for loan Permanent Location Current Location Shelving location Date acquired Total Checkouts Full call number Barcode Date last seen Copy number Price effective from Koha item type
          CBU-MAIN LIBRARY, KITWE. CBU-MAIN LIBRARY, KITWE.   01/25/2024   Q 335 Lug 743311 01/25/2024 1 01/25/2024 MONOGRAPH
          CBU-MAIN LIBRARY, KITWE. CBU-MAIN LIBRARY, KITWE.   01/25/2024   Q 335 Lug 743312 01/25/2024 2 01/25/2024 MONOGRAPH